00354nam a2200145Ia 4500008003600000041000800036082001100044100003100055245005000086260001000136650001600146650001900162650001300181650001400194210210b xxu||||| |||| 00| 0 eng d aeng a874/76 aCHANDRANKUMARATH SHANKARAN aMahakavi vallatholum abhijhana shakunthalavum ab-c avallatholum ashakunthalavum aMahakavi aabhijhana